000 00941nam a22002417a 4500
005 20151009115543.0
008 151009b cau||||| |||| 00| 0 eng d
020 _a053451264X
050 0 4 _aKF2750
_bZ45 1997
100 1 _aZelezny, John D.
245 1 0 _aCommunications law :
_bliberties, restraints, and the modern media /
_cJohn D. Zelezny
250 _a2a ed.
260 _aBelmont, Calif. :
_bWadsworth Publishing Company,
_c1997
300 _axvii, 541 p. :
_bil. ;
_c25 cm.
490 0 _aThe Wadsworth series in mass communication and journalism
504 _aIncluye apéndice, glosario e índice
650 7 _2LEMB
_aPrensa
_xLegislación
_zEstados Unidos
650 7 _2LEMB
_aMedios de comunicación masiva
_xLeyes y legislación
_zEstados Unidos
650 7 _2LEMB
_aLibertad de prensa
_zEstados Unidos
650 7 _2LEMB
_aDerechos de autor
_zEstados Unidos
650 7 _2LEMB
_aDifamación
_zEstados Unidos
942 _2lcc
_cLIB
999 _c103040
_d103040